000
00321nam a22001457a 4500
003
OSt
005
20220211110743.0
008
220211b |||||||| |||| 00| 0 eng d
020
_a
108172246633
040
_c
HU
082
_a
627
100
_a
Roberson
_9
30268
245
_a
Hydraulic Engineering
942
_2
ddc
_c
BOOKS
_n
0
999
_c
30010
_d
30010